000 00612nam a22001577a 4500
005 20260514114420.0
008 260514b |||||||| |||| 00| 0 eng d
050 _aTHE HG 179 .K4 M35 2025
100 _aMAKORI, PHILIP
245 _aEFFECT OF TECHNOLOGICAL INNOVATIONS ON FINANCIAL INCLUSION OF REGISTERED SMES IN KISII COUNTY, KENYA.
260 _aKISII,
_bKISII UNIVERSITY PRESS,
_c2025
300 _aXXIII, 110P
500 _aINCLUDES BIBLIOGRAPHICAL REFERENCES.
650 _a1. FINANCIAL INCLUSION- KENYA. 2. TECHNOLOGICAL INNOVATIONS -KENYA 3. SMALL BUSINESS- KENYS - KISII COUNTY
942 _2lcc
_cREF
999 _c217143
_d217143